Five go to Demon's Rocks (Record no. 593632)

000 -LEADER
fixed length control field 00388nam a22001577a 4500
020 ## - INTERNATIONAL STANDARD BOOK NUMBER
International Standard Book Number 9781444936490
040 ## - CATALOGING SOURCE
Transcribing agency NUST
082 ## - DEWEY DECIMAL CLASSIFICATION NUMBER
Classification number 823 BLY
100 ## - MAIN ENTRY--PERSONAL NAME
Personal name Blyton, Enid
110 ## - MAIN ENTRY--CORPORATE NAME
Corporate name or jurisdiction name as entry element Soper, Eileen Alice
9 (RLIN) 110171
240 ## - UNIFORM TITLE
Uniform title The Famous Five
245 ## - TITLE STATEMENT
Title Five go to Demon's Rocks
260 ## - PUBLICATION, DISTRIBUTION, ETC.
Place of publication, distribution, etc. London:
Name of publisher, distributor, etc. Hodder Children's,
Date of publication, distribution, etc. 1997.
650 ## - SUBJECT ADDED ENTRY--TOPICAL TERM
Topical term or geographic name entry element English Fiction
942 ## - ADDED ENTRY ELEMENTS (KOHA)
Source of classification or shelving scheme
Koha item type Book
Holdings
Withdrawn status Lost status Source of classification or shelving scheme Damaged status Not for loan Permanent Location Current Location Shelving location Date acquired Shelving control number Full call number Barcode Date last seen Price effective from Koha item type Public note
          College of Electrical & Mechanical Engineering (CEME) College of Electrical & Mechanical Engineering (CEME) Fiction 03/13/2023 English Literature 823 BLY CEME-50257 03/13/2023 03/13/2023 Book CART-4
© 2023 Central Library, National University of Sciences and Technology. All Rights Reserved.